| 000 | 00581nam a22001937a 4500 | ||
|---|---|---|---|
| 005 | 20140922115854.0 | ||
| 010 | _aENG-110897 | ||
| 020 |
_a9789351431909 _c180.00 |
||
| 035 | _aEN-94429 | ||
| 037 | _bDBAD/PUB | ||
| 082 | _a344.5401 | ||
| 100 | _aRosedar S.R.A. | ||
| 245 |
_aLabour laws-1 / _cby Rosedar S.R.A. |
||
| 260 |
_aGurgaon _bLexis Nexis _c2014 |
||
| 270 |
_a14th Floor, Building No.10, Tower-B, DLF Cyber City, Phase-II _bGurgaon _e122002 |
||
| 300 |
_aviii,102p. _c23cm(pbk) |
||
| 490 | _aQuick reference guide | ||
| 942 |
_2ddc _cEN _mROS _h344.5401 |
||
| 999 |
_c88739 _d88739 |
||